000 01224cam a22003374a 4500
003 CUTN
005 20260214100647.0
008 020528s2003 paua b 001 0 eng
020 _a9781451109764
041 _aEnglish
042 _apcc
060 1 0 _aQT 261
_bA548f 2002
082 0 0 _a617.102
_221
_bAND
100 1 _aAnderson, Marcia K.
245 1 0 _aFundamentals of sports injury management /
_cMarcia K. Anderson.
250 _a3rd ed.
260 _aPhiladelphia :
_bLippincott Williams & Wilkins,
_cc2011.
300 _a376 p. :
_bill. ;
_c27 cm.
504 _aIncludes bibliographical references and index.
650 0 _aSports injuries.
650 1 2 _aAthletic Injuries.
650 2 2 _aSports Medicine.
856 4 2 _uhttp://www.loc.gov/catdir/enhancements/fy0711/2002072941-d.html
856 4 1 _uhttp://www.loc.gov/catdir/enhancements/fy0811/2002072941-t.html
856 4 2 _3Publisher description
856 4 1 _3Table of contents only
906 _a7
_bcbc
_corignew
_d1
_eocip
_f20
_gy-gencatlg
942 _2ddc
_cCU
999 _c49282
_d49282